| 000 | 00898nas a2200301 4500 | ||
|---|---|---|---|
| 001 | BR0808797 | ||
| 003 | BR-BrBNA | ||
| 005 | 20231205112559.0 | ||
| 007 | ta | ||
| 008 | 230509b bl.|||p| |||| 00| 00por d | ||
| 040 |
_aBR-BrBNA _bpor _cBiblioteca Nacional de Agricultura |
||
| 041 | _a(Pt) | ||
| 072 | _aL01 | ||
| 100 | 1 | _aAraújo Filho, J.T. de | |
| 100 | 1 | _aCosta, R.G. | |
| 100 | 1 | _aFraga, A.R. | |
| 100 | 1 | _aGonzaga Neto, S. | |
| 100 | 1 | _aPacheco, K.M.G. | |
| 100 | 1 | _aRocha, L.P. da | |
| 245 | 1 | _aAgregação de valor em carcaça de cordeiros deslanados por meio de cortes especiais | |
| 650 | _aCORDEIRO | ||
| 650 | _aCARCAÇA | ||
| 650 | _aCORTE | ||
| 650 | _aRENDIMENTO | ||
| 773 | 0 |
_tRevista Científica de Produção Animal (Brazil) _xISSN 1415-563X _g(Jul-Dec 2007), v. 9(2) p. 111-119 _wBR0808797 |
|
| 909 |
_a202311 _bLúcia _c55 _dLúcia Elande |
||
| 942 |
_2AGRIS _n0 _cANA |
||
| 999 |
_c198776 _d198776 |
||